000 00795nam a2200205 i 4500
001 143448
003 ES-MaACL
005 20250806063133.0
007 t|
008 070214s1966 sp r ||||1| spa d
100 1 _aSerrano Vicens, Ramón,
_d1908-1978
_9105807
245 1 0 _aRuta y patria de Don Quijote /
_cRamón Serrano Vicens ; dibujos de Santiago Rodríguez García.
260 _aCuenca :
_bDiputación Provincial,
_c1966 (
_eMadrid :
_fEstades)
300 _a83 p. ;
_c24 cm +
_e2 map. pleg.
600 1 4 _aCervantes Saavedra, Miguel de,
_d1547-1616.
_tDon Quijote de la Mancha
_937612
700 1 _aRodríguez García, Santiago.
_998545
710 1 _aCuenca (Provincia).
_bDiputación Provincial.
_93346
852 _aES-MaACL
_jC-32254
_bR.62614
999 _c143448
_d143448